| 000 | 00830pam a2200265 a 4500 | ||
|---|---|---|---|
| 001 | 3382925 | ||
| 005 | 20250515090151.0 | ||
| 008 | 880603s1989 enk b 001 0 eng | ||
| 010 | _a 88018296 | ||
| 020 | _a0415028299 | ||
| 040 |
_aDLC _cDLC _dDLC |
||
| 050 | 0 | 0 |
_aB72 _b.M48 1989 |
| 100 | 1 |
_aMidgley, Mary, _d1919- |
|
| 245 | 1 | 0 |
_aWisdom, information, and wonder : _bwhat is knowledge for? / |
| 260 |
_aLondon ; _aNew York : _bRoutledge, _c1989. |
||
| 300 |
_ax, 275 p. ; _c23 cm. |
||
| 500 | _aSpine title: Wisdom, information & wonder. | ||
| 504 | _aIncludes bibliographical references. | ||
| 650 | 0 | _aPhilosophy. | |
| 650 | 0 | _aOrdinary-language philosophy. | |
| 740 | 0 | _aWisdom, information & wonder. | |
| 906 |
_a7 _bcbc _corignew _d1 _eocip _f19 _gy-gencatlg |
||
| 942 |
_2lcc _cBK |
||
| 999 |
_c5648 _d5648 |
||